| 000 | 00527cam a22002171 4500 | ||
|---|---|---|---|
| 001 | sa 66008069 | ||
| 003 | DLC | ||
| 005 | 20260227112310.0 | ||
| 008 | 890802s1965 ii 000 0 sano | ||
| 010 | _asa 66008069 | ||
| 035 | _a(OCoLC)20114645 | ||
| 040 |
_aDLC _cWaU _dDLC |
||
| 042 | _apremarc | ||
| 050 | 0 | 0 |
_aPK3760 _b.U6 |
| 100 | 1 |
_aUpadhyay, Ramji, _d1920- |
|
| 245 | 1 | 0 | _aSaṃskr̥ta-nibandhāvaliḥ. |
| 260 | _c[1965] | ||
| 300 |
_a8, 193 p. _c19 cm. |
||
| 500 | _aIn Sanskrit. | ||
| 650 | 0 | _aSanskrit essays. | |
| 999 |
_c71625 _d71625 |
||